[Event "World op"]
[Site "Philadelphia USA"]
[Date "2003.07.06"]
[Round "8"]
[White "Figler, Ilya"]
[Black "Kaufman, Raymond"]
[Result "1-0"]
[WhiteElo "2360"]
[BlackElo "2239"]
[PlyCount "45"]
[GameId "2129405134728852"]
[EventDate "2003.06.30"]
[EventType "swiss"]
[EventRounds "9"]
[EventCountry "USA"]
[SourceTitle "The Week in Chess 456"]
[Source "Mark Crowther"]
[SourceDate "2003.08.04"]
[SourceVersion "1"]
[SourceVersionDate "2003.08.04"]
[SourceQuality "2"]

1. c4 e6 2. Nc3 b6 3. d4 Bb7 4. a3 g6 5. e4 Bg7 6. Nf3 Ne7 7. d5 O-O 8. Be3 Na6 9. Bd3 Nc5 10. Bc2 Ba6 11. Bd4 Bxd4 12. Qxd4 d6 13. e5 Nf5 14. Qf4 dxe5 15. Nxe5 Qd6 16. g4 Nd7 17. Nd3 e5 18. Qd2 Nd4 19. O-O-O Nc5 20. Qh6 Nxc2 21. Nxc5 bxc5 22. Ne4 Qb6 23. Ng5 1-0

[Event "World op"]
[Site "Philadelphia USA"]
[Date "2003.07.06"]
[Round "9"]
[White "Kaufman, Raymond"]
[Black "Ciuca, Elena Carmon"]
[Result "1-0"]
[WhiteElo "2239"]
[BlackElo "2066"]
[PlyCount "71"]
[GameId "2129405134728899"]
[EventDate "2003.06.30"]
[EventType "swiss"]
[EventRounds "9"]
[EventCountry "USA"]
[SourceTitle "The Week in Chess 456"]
[Source "Mark Crowther"]
[SourceDate "2003.08.04"]
[SourceVersion "1"]
[SourceVersionDate "2003.08.04"]
[SourceQuality "2"]

1. e4 e5 2. Bc4 Nf6 3. d3 Nc6 4. Nf3 Be7 5. O-O O-O 6. Nc3 d6 7. a3 Be6 8. Nd5 Ne8 9. b4 a6 10. Be3 Kh8 11. Qd2 f5 12. Ng5 Bxg5 13. Bxg5 Qd7 14. f4 Qf7 15. Ne3 Bxc4 16. dxc4 Nd4 17. fxe5 dxe5 18. Nxf5 Nf6 19. Nxd4 Rad8 20. c3 Qxc4 21. Bxf6 gxf6 22. Qh6 exd4 23. Rxf6 Rg8 24. Raf1 Qe2 25. R6f2 Qg4 26. cxd4 Rxd4 27. e5 Qg6 28. Qxg6 Rxg6 29. Rf7 Rd2 30. g3 Rc6 31. R1f2 Rd3 32. R2f6 Rc1+ 33. Kg2 Rc2+ 34. Kh3 Rdd2 35. Kg4 Rxh2 36. Kg5 1-0

[Event "USA Amateur Team East"]
[Site "Parsippany NJ USA"]
[Date "2003.02.17"]
[Round "5"]
[White "Zlotnikov, Mikhail"]
[Black "Kaufman, Raymond"]
[Result "1/2-1/2"]
[WhiteElo "2366"]
[BlackElo "2230"]
[PlyCount "105"]
[GameId "2129405136678516"]
[EventDate "2003.02.15"]
[EventType "team"]
[EventRounds "6"]
[EventCountry "USA"]
[SourceTitle "The Week in Chess 435"]
[Source "Mark Crowther"]
[SourceDate "2003.03.10"]
[SourceVersion "1"]
[SourceVersionDate "2003.03.10"]
[SourceQuality "2"]

1. c4 b6 2. Nc3 e6 3. e4 Bb7 4. Nh3 Bb4 5. d3 Ne7 6. Bd2 O-O 7. a3 Bxc3 8. Bxc3 d6 9. g3 f5 10. Bg2 e5 11. O-O c5 12. b4 Nbc6 13. bxc5 bxc5 14. Ng5 Qd7 15. exf5 h6 16. Ne4 Nxf5 17. Rb1 Rab8 18. Qa4 Qc7 19. Rb2 Ba8 20. Rfb1 Rxb2 21. Rxb2 Rb8 22. Rxb8+ Qxb8 23. Qb5 Qxb5 24. cxb5 Ncd4 25. Bxd4 Bxe4 26. Bxe4 Nxd4 27. Bd5+ Kf8 28. a4 Ke7 29. Kg2 Kd7 30. Kh3 Kc7 31. Kg4 Kb6 32. Kh5 Nf5 33. Kg4 Ne7 34. Bb3 Ka5 35. f4 Kb4 36. fxe5 dxe5 37. Bd1 g6 38. Kf3 Nd5 39. Bc2 Kc3 40. Ke4 Nb4 41. Bd1 Nxd3 42. a5 c4 43. b6 axb6 44. axb6 Kd2 45. Kd5 c3 46. Bb3 e4 47. b7 e3 48. b8=Q e2 49. Qf8 e1=Q 50. Qxh6+ Qe3 51. Qxe3+ Kxe3 52. h4 Kf3 53. Kd4 1/2-1/2

[Event "National Chess Congress"]
[Site "Philadelphia USA"]
[Date "2002.11.30"]
[Round "3"]
[White "Kaufman, Raymond"]
[Black "Figler, Ilya"]
[Result "1/2-1/2"]
[WhiteElo "2244"]
[BlackElo "2356"]
[PlyCount "45"]
[GameId "2129405138685944"]
[EventDate "2002.11.29"]
[EventType "swiss"]
[EventRounds "6"]
[EventCountry "USA"]
[SourceTitle "The Week in Chess 422"]
[Source "Mark Crowther"]
[SourceDate "2002.12.09"]
[SourceVersion "1"]
[SourceVersionDate "2002.12.09"]
[SourceQuality "2"]

1. d4 d5 2. c4 dxc4 3. e3 Nf6 4. Bxc4 a6 5. Nc3 Nc6 6. h3 e5 7. d5 Na5 8. Be2 c6 9. e4 Bb4 10. Bg5 cxd5 11. Bxf6 Bxc3+ 12. bxc3 gxf6 13. exd5 Qc7 14. Rc1 Rg8 15. Qa4+ Bd7 16. Qh4 O-O-O 17. Qxf6 Rxg2 18. Nf3 Nc4 19. Ng5 Bb5 20. a4 Rd6 21. Qh8+ Rd8 22. Qf6 Rd6 23. Qh8+ 1/2-1/2

[Event "National Chess Congress"]
[Site "Philadelphia USA"]
[Date "2002.12.01"]
[Round "5"]
[White "Kaufman, Raymond"]
[Black "Belcher, Noah"]
[Result "1-0"]
[WhiteElo "2244"]
[BlackElo "2111"]
[PlyCount "23"]
[GameId "2129405138681862"]
[EventDate "2002.11.29"]
[EventType "swiss"]
[EventRounds "6"]
[EventCountry "USA"]
[SourceTitle "The Week in Chess 422"]
[Source "Mark Crowther"]
[SourceDate "2002.12.09"]
[SourceVersion "1"]
[SourceVersionDate "2002.12.09"]
[SourceQuality "2"]

1. d4 Nf6 2. c4 c5 3. d5 b5 4. cxb5 a6 5. b6 Qxb6 6. Nc3 d6 7. e4 g6 8. Nf3 Bg7 9. Nd2 a5 10. Nc4 Qc7 11. Nb5 Qb7 12. Nbxd6+ 1-0

[Event "National Chess Congress"]
[Site "Philadelphia USA"]
[Date "2002.12.01"]
[Round "6"]
[White "Kaufman, Raymond"]
[Black "Sarkar, Justin"]
[Result "0-1"]
[WhiteElo "2244"]
[BlackElo "2367"]
[PlyCount "90"]
[GameId "2129405138681866"]
[EventDate "2002.11.29"]
[EventType "swiss"]
[EventRounds "6"]
[EventCountry "USA"]
[SourceTitle "The Week in Chess 422"]
[Source "Mark Crowther"]
[SourceDate "2002.12.09"]
[SourceVersion "1"]
[SourceVersionDate "2002.12.09"]
[SourceQuality "2"]

1. d4 Nf6 2. c4 g6 3. Nc3 d5 4. Bg5 Ne4 5. Bf4 Nxc3 6. bxc3 Bg7 7. e3 O-O 8. Nf3 c5 9. cxd5 Qxd5 10. Be2 Nc6 11. O-O cxd4 12. cxd4 e5 13. Nxe5 Nxe5 14. dxe5 Qa5 15. Qd4 Be6 16. Bf3 Rad8 17. Qb2 b6 18. a4 Bd5 19. e4 Bc6 20. Qc2 Rc8 21. Bg4 Bd7 22. Qd1 Bxg4 23. Qxg4 Bxe5 24. Bxe5 Qxe5 25. a5 bxa5 26. Qd7 Rfd8 27. Qxa7 Ra8 28. Qe3 a4 29. f3 Qb2 30. Rab1 Qd2 31. Qxd2 Rxd2 32. Rfd1 Rxd1+ 33. Rxd1 a3 34. Kf2 Kg7 35. Ke3 a2 36. Ra1 Kf6 37. Kd4 g5 38. g3 Ra3 39. f4 gxf4 40. gxf4 Kg6 41. Ke5 f5 42. exf5+ Kf7 43. Kd5 Kf6 44. Ke4 Ra4+ 45. Kf3 Kxf5 0-1

[Event "Atlantic op"]
[Site "Washington DC USA"]
[Date "2002.08.23"]
[Round "1"]
[White "Kaufman, Raymond"]
[Black "Ziatdinov, Raset"]
[Result "1/2-1/2"]
[WhiteElo "2202"]
[BlackElo "2445"]
[PlyCount "48"]
[GameId "2129405141057481"]
[EventDate "2002.08.23"]
[EventType "swiss"]
[EventRounds "5"]
[EventCountry "USA"]
[SourceTitle "The Week in Chess 407"]
[Source "Mark Crowther"]
[SourceDate "2002.08.26"]
[SourceVersion "1"]
[SourceVersionDate "2002.08.26"]
[SourceQuality "2"]

1. d4 d5 2. c4 e6 3. Nc3 Nf6 4. cxd5 exd5 5. Bg5 Nbd7 6. e3 c6 7. Bd3 Bd6 8. Nf3 Nf8 9. O-O Bg4 10. Qb3 Bxf3 11. Qxb7 Bxh2+ 12. Kxh2 Ng4+ 13. Kg1 Qxg5 14. Qxa8+ Ke7 15. Be2 Ne5 16. g3 Qh5 17. Bxf3 Nxf3+ 18. Kg2 Nh4+ 19. gxh4 Qg4+ 20. Kh2 Qxh4+ 21. Kg2 Qg5+ 22. Kh2 Qh6+ 23. Kg2 Qg5+ 24. Kh2 Qh4+ 1/2-1/2

[Event "National Chess Congress"]
[Site "Philadelphia USA"]
[Date "2001.11.23"]
[Round "1"]
[White "Pixton, Aaron"]
[Black "Kaufman, Raymond"]
[Result "1-0"]
[WhiteElo "2351"]
[BlackElo "2194"]
[PlyCount "107"]
[GameId "2129405145814594"]
[EventDate "2001.11.23"]
[EventType "swiss"]
[EventRounds "6"]
[EventCountry "USA"]
[SourceTitle "The Week in Chess 369"]
[Source "Mark Crowther"]
[SourceDate "2001.12.03"]
[SourceVersion "2"]
[SourceVersionDate "2001.12.06"]
[SourceQuality "2"]

1. d4 d5 2. c4 e5 3. dxe5 d4 4. Nf3 Nc6 5. g3 Be6 6. Nbd2 Qd7 7. Bg2 Bh3 8. Bxh3 Qxh3 9. a3 O-O-O 10. b4 f6 11. Qa4 Kb8 12. Bb2 fxe5 13. b5 Nce7 14. Nxe5 Qe6 15. Ndf3 Nf6 16. c5 Nf5 17. Nxd4 Nxd4 18. Bxd4 Qd5 19. O-O Bxc5 20. Bxc5 Qxc5 21. Nf3 Rhe8 22. Rad1 Nd5 23. e3 Nc3 24. Rxd8+ Rxd8 25. Qh4 Qd5 26. Nd4 g5 27. Qxh7 Nxb5 28. Nxb5 Qxb5 29. h4 gxh4 30. Qxh4 Qd5 31. e4 Qd4 32. Qf4 Qd2 33. Kg2 Qxf4 34. gxf4 c5 35. f5 Kc7 36. Kf3 Kd7 37. Rd1+ Ke8 38. Rxd8+ Kxd8 39. e5 b5 40. Ke4 b4 41. axb4 cxb4 42. Kd4 a5 43. Kc4 Ke7 44. f6+ Ke6 45. f4 Kf7 46. f5 Kf8 47. e6 Ke8 48. f7+ Kf8 49. f6 a4 50. Kxb4 a3 51. e7+ Kxf7 52. Kxa3 Ke8 53. Kb4 Kf7 54. Kc5 1-0

[Event "Virginia op"]
[Site "Fredericksburg USA"]
[Date "2001.01.21"]
[Round "4"]
[White "Negulescu, Adrian"]
[Black "Kaufman, Raymond"]
[Result "1-0"]
[WhiteElo "2478"]
[BlackElo "2135"]
[PlyCount "69"]
[GameId "2129405150791368"]
[EventDate "2001.01.19"]
[EventType "swiss"]
[EventRounds "5"]
[EventCountry "USA"]
[SourceTitle "EXT 2002"]
[Source "ChessBase"]
[SourceDate "2001.11.25"]
[SourceVersion "1"]
[SourceVersionDate "2001.11.25"]
[SourceQuality "1"]

1. d4 Nf6 2. Nf3 e6 3. c4 b6 4. g3 Ba6 5. Qa4 Be7 6. Bg2 Bb7 7. O-O O-O 8. Nc3 Ne4 9. Qc2 Nxc3 10. Qxc3 d6 11. Qc2 f5 12. Rd1 Be4 13. Qb3 Nd7 14. Ne1 Nf6 15. f3 Bb7 16. Nd3 Qe8 17. Be3 Rf7 18. Kh1 Bf8 19. Bg1 Kh8 20. Qc3 c5 21. dxc5 bxc5 22. b3 Bc6 23. Qa5 g5 24. a3 e5 25. b4 e4 26. Ne1 Qe5 27. bxc5 dxc5 28. fxe4 Nxe4 29. Bd4 Qxd4 30. Rxd4 cxd4 31. Nd3 Bg7 32. Rf1 Rb8 33. Ne5 Rf6 34. Nxc6 Rxc6 35. Qxf5 1-0

[Event "Virginia op"]
[Site "Fredericksburg USA"]
[Date "2001.01.21"]
[Round "5"]
[White "Kaufman, Raymond"]
[Black "Brownstein, Judah"]
[Result "0-1"]
[WhiteElo "2135"]
[BlackElo "1946"]
[PlyCount "47"]
[GameId "2129405150791370"]
[EventDate "2001.01.19"]
[EventType "swiss"]
[EventRounds "5"]
[EventCountry "USA"]
[SourceTitle "EXT 2002"]
[Source "ChessBase"]
[SourceDate "2001.11.25"]
[SourceVersion "1"]
[SourceVersionDate "2001.11.25"]
[SourceQuality "1"]

1. e4 c5 2. c3 d5 3. exd5 Qxd5 4. d4 e6 5. Nf3 Nf6 6. Be2 Be7 7. O-O cxd4 8. Nxd4 O-O 9. Bf3 Qd7 10. Bf4 Rd8 11. Nd2 Nc6 12. Nxc6 bxc6 13. Qa4 Bb7 14. Nc4 Qc8 15. Rad1 Nd5 16. Bg3 Nb6 17. Qb3 Nxc4 18. Qxc4 c5 19. Rxd8+ Bxd8 20. Qb5 Bb6 21. Bxb7 Qxb7 22. Rd1 Qe7 23. Rd7 Rd8 24. Rxe7 0-1

[Event "USA-op"]
[Site "Saint Paul USA"]
[Date "2000.08.07"]
[Round "3"]
[White "Bereolos, Peter"]
[Black "Kaufman, Raymond"]
[Result "1-0"]
[WhiteElo "2308"]
[BlackElo "2171"]
[PlyCount "89"]
[GameId "2129405154718360"]
[EventDate "2000.08.05"]
[EventType "swiss"]
[EventRounds "9"]
[EventCountry "USA"]
[SourceTitle "The Week in Chess 304"]
[Source "Mark Crowther"]
[SourceDate "2000.09.04"]
[SourceVersion "1"]
[SourceVersionDate "2000.09.04"]
[SourceQuality "2"]

1. d4 Nf6 2. c4 e6 3. Nc3 Bb4 4. g3 O-O 5. Bg2 d5 6. Nf3 Nbd7 7. Qb3 Qe7 8. a3 Bxc3+ 9. Qxc3 c5 10. O-O cxd4 11. Nxd4 Nb6 12. cxd5 Nbxd5 13. Qf3 Rd8 14. e4 Nb6 15. Nc2 Bd7 16. e5 Nfd5 17. Qg4 Rdc8 18. Nd4 Nc4 19. Re1 Rc7 20. Be4 Rac8 21. Nf3 f5 22. exf6 Nxf6 23. Qh4 Bc6 24. Bxc6 Rxc6 25. Nd4 Rb6 26. b3 Na5 27. b4 Nc6 28. Nf3 a5 29. Be3 Rb5 30. Bc5 Rxc5 31. bxc5 Qxc5 32. Qg5 Qc3 33. Qe3 Qxe3 34. Rxe3 Rf8 35. Kg2 Ng4 36. Rxe6 g5 37. Re4 h5 38. h3 Nf6 39. Ree1 g4 40. hxg4 hxg4 41. Ne5 Nd4 42. Rab1 b5 43. Red1 Rd8 44. Rxb5 Nxb5 45. Rxd8+ 1-0

[Event "USA-op"]
[Site "Saint Paul USA"]
[Date "2000.08.08"]
[Round "4"]
[White "Kaufman, Raymond"]
[Black "Nakamura, Asuka"]
[Result "1-0"]
[WhiteElo "2171"]
[BlackElo "2143"]
[PlyCount "63"]
[GameId "2129405154718401"]
[EventDate "2000.08.05"]
[EventType "swiss"]
[EventRounds "9"]
[EventCountry "USA"]
[SourceTitle "The Week in Chess 304"]
[Source "Mark Crowther"]
[SourceDate "2000.09.04"]
[SourceVersion "1"]
[SourceVersionDate "2000.09.04"]
[SourceQuality "2"]

1. e4 e5 2. Nf3 Nc6 3. Bb5 a6 4. Ba4 Nf6 5. O-O Be7 6. Re1 b5 7. Bb3 d6 8. c3 O-O 9. d3 Na5 10. Bc2 c5 11. Nbd2 Re8 12. Nf1 Bf8 13. Ng3 g6 14. h3 Bg7 15. Be3 Qc7 16. Qd2 Bd7 17. a3 d5 18. b4 dxe4 19. Nxe4 Nxe4 20. dxe4 Nc4 21. Qe2 cxb4 22. axb4 Nxe3 23. Qxe3 Qc8 24. Ra3 a5 25. Rea1 a4 26. Bb3 Be6 27. Bxe6 Rxe6 28. Ne1 Rea6 29. Nd3 Rc6 30. Rc1 Bf8 31. Qg3 Rc4 32. Qg4 1-0

[Event "Foxwoods op"]
[Site "Connecticut USA"]
[Date "2000.04.20"]
[Round "1"]
[White "Kaufman, Raymond"]
[Black "Schneider, Dmitry"]
[Result "0-1"]
[WhiteElo "2179"]
[BlackElo "2329"]
[PlyCount "80"]
[GameId "2129405156279962"]
[EventDate "2000.04.20"]
[EventType "swiss"]
[EventRounds "7"]
[EventCountry "USA"]
[SourceTitle "The Week in Chess 286"]
[Source "Mark Crowther"]
[SourceDate "2000.05.01"]
[SourceVersion "1"]
[SourceVersionDate "2000.05.01"]
[SourceQuality "2"]

1. e4 e6 2. d4 d5 3. Nd2 c5 4. exd5 Qxd5 5. Ngf3 cxd4 6. Bc4 Qd6 7. O-O Nf6 8. Nb3 Nc6 9. Nbxd4 Nxd4 10. Nxd4 Bd7 11. c3 Qc7 12. Bb3 Bd6 13. h3 O-O-O 14. Qe2 h5 15. Bg5 Qa5 16. Be3 e5 17. Nf3 e4 18. Ng5 Qe5 19. g3 Qf5 20. Nxf7 Bc7 21. Nxh8 Rxh8 22. Rfd1 Qxh3 23. Qf1 Qf5 24. Bd4 h4 25. Bxf6 gxf6 26. Rd5 Qg4 27. Qd1 hxg3 28. Qxg4 Bxg4 29. fxg3 Bb6+ 30. Rd4 Bxd4+ 31. cxd4 Bf3 32. Re1 Kd7 33. Bd5 Rh1+ 34. Kf2 e3+ 35. Kxf3 Rxe1 36. Bxb7 Kd6 37. b4 Rb1 38. Kxe3 Rxb4 39. Be4 Rb2 40. a4 Ra2 0-1

[Event "Northern Virginia op"]
[Site "Mt Vernon USA"]
[Date "1999.11.14"]
[Round "6"]
[White "Adu, Oladapo"]
[Black "Kaufman, Raymond"]
[Result "1-0"]
[WhiteElo "2254"]
[BlackElo "2145"]
[PlyCount "55"]
[GameId "2129405159831272"]
[EventDate "1999.11.13"]
[EventType "swiss"]
[EventRounds "6"]
[EventCountry "USA"]
[SourceTitle "EXT 2002"]
[Source "ChessBase"]
[SourceDate "2001.11.25"]
[SourceVersion "1"]
[SourceVersionDate "2001.11.25"]
[SourceQuality "1"]

1. e4 e5 2. Nf3 Nf6 3. Nxe5 d6 4. Nf3 Nxe4 5. d4 d5 6. Bd3 Bd6 7. O-O O-O 8. c4 c6 9. Nc3 Nxc3 10. bxc3 dxc4 11. Bxc4 Bg4 12. Be3 Nd7 13. Be2 Qc7 14. h3 Bh5 15. Nh4 Bxe2 16. Qxe2 f5 17. Qd3 g6 18. Bh6 Rfe8 19. Qc4+ Kh8 20. Qf7 Bf8 21. Rae1 Qd8 22. Bg5 Qc8 23. Nf3 Bg7 24. Be7 Qc7 25. Ng5 Nf8 26. Bxf8 Qxf7 27. Nxf7+ Kg8 28. Bxg7 1-0

[Event "Valoz Cup"]
[Site "Olomouc CZE"]
[Date "1999.08.08"]
[Round "3"]
[White "Kaufman, Raymond"]
[Black "Aksiuczyc, Monika"]
[Result "1-0"]
[WhiteElo "2145"]
[BlackElo "2198"]
[PlyCount "133"]
[GameId "2129405161321360"]
[EventDate "1999.08.06"]
[EventType "tourn"]
[EventRounds "11"]
[EventCountry "CZE"]

1. d4 Nf6 2. c4 c5 3. d5 b5 4. cxb5 a6 5. f3 d6 6. e4 g6 7. a4 Bg7 8. Na3 O-O 9. Ne2 Nfd7 10. Nc3 f5 11. exf5 Rxf5 12. Bd3 Rf7 13. O-O Ne5 14. Be4 Bf5 15. Bg5 Nbd7 16. Qe2 Qb6 17. Kh1 axb5 18. axb5 Raf8 19. f4 Bg4 20. Qe3 Qd8 21. Rfe1 h6 22. fxe5 hxg5 23. e6 Rf4 24. exd7 Bd4 25. Qd3 Qxd7 26. Nc2 Bf2 27. Rf1 Bh5 28. b6 Rh4 29. Ra7 Qg4 30. g3 c4 31. Rxf2 Rxf2 32. Ra8+ Kh7 33. Rh8+ Kxh8 34. Qd4+ Rf6 35. gxh4 Qh3 36. Bg2 Bf3 37. Ne1 Bxg2+ 38. Nxg2 Kh7 39. Ne2 Qb3 40. hxg5 Rf1+ 41. Ng1 Rb1 42. Qh4+ Kg8 43. Qe4 Qxb2 44. Qxg6+ Kf8 45. Qf5+ Ke8 46. g6 Kd8 47. Qf8+ Kd7 48. g7 Qxb6 49. Qf5+ Kc7 50. Qxb1 Qxb1 51. g8=Q c3 52. Ne3 Qe4+ 53. Qg2 Qxe3 54. Qe2 Qc5 55. Qxe7+ Kb6 56. Qd8+ Kb5 57. Qd7+ Kb6 58. Qc6+ Qxc6 59. dxc6 d5 60. h4 Kxc6 61. h5 d4 62. Ne2 Kd5 63. h6 Ke4 64. h7 Kd3 65. Nf4+ Ke3 66. h8=Q c2 67. Qe5+ 1-0

[Event "Arlington CC ch"]
[Site "Arlington USA"]
[Date "1999.05.22"]
[Round "2"]
[White "Kaufman, Raymond"]
[Black "Figler, Ilya"]
[Result "1/2-1/2"]
[WhiteElo "2140"]
[BlackElo "2384"]
[PlyCount "92"]
[GameId "2129405162168409"]
[EventDate "1999.05.22"]
[EventType "swiss"]
[EventRounds "4"]
[EventCountry "USA"]
[SourceTitle "EXT 2001"]
[Source "ChessBase"]
[SourceDate "2000.11.22"]
[SourceVersion "1"]
[SourceVersionDate "2000.11.22"]
[SourceQuality "1"]

1. d4 Nf6 2. c4 e6 3. Nc3 Bb4 4. Qc2 c5 5. dxc5 O-O 6. Nf3 Bxc5 7. Bg5 Be7 8. e4 d6 9. Be2 Nbd7 10. O-O a6 11. Nd4 Qc7 12. Rad1 Ne5 13. b3 Ng6 14. f3 b6 15. a4 Bb7 16. Be3 Rfe8 17. Rfe1 Rac8 18. Qd2 d5 19. exd5 exd5 20. Nxd5 Nxd5 21. cxd5 Bd6 22. Nf5 Bxh2+ 23. Kh1 Be5 24. Bc4 Qd7 25. Qd3 Ne7 26. Bd4 Bxd4 27. Nxe7+ Rxe7 28. Qxd4 Rxe1+ 29. Rxe1 b5 30. axb5 axb5 31. Bd3 Qxd5 32. Qxd5 Bxd5 33. Bxb5 Bxb3 34. Re8+ Rxe8 35. Bxe8 Kf8 36. Bc6 Ke7 37. g4 Kd6 38. Bb5 Ke5 39. Kg2 Kf4 40. Bc6 Be6 41. Bb7 f5 42. gxf5 Bxf5 43. Bc6 Bc2 44. Bd5 Bb1 45. Bc6 Bd3 46. Bb7 Bg6 1/2-1/2

[Event "Northern Virginia op"]
[Site "Western Mount Vernon USA"]
[Date "1998.??.??"]
[Round "2"]
[White "Dettmer, Hans"]
[Black "Kaufman, Raymond"]
[Result "0-1"]
[WhiteElo "1755"]
[BlackElo "2220"]
[PlyCount "68"]
[GameId "2129405166425962"]
[EventDate "1998.11.??"]
[EventType "swiss"]
[EventRounds "6"]
[EventCountry "USA"]
[SourceTitle "EXT 2000"]
[Source "ChessBase"]
[SourceDate "1999.11.18"]
[SourceVersion "1"]
[SourceVersionDate "1999.11.18"]
[SourceQuality "1"]

1. d4 Nf6 2. Nf3 e6 3. Bg5 Nc6 4. Nbd2 h6 5. Bh4 g5 6. Bg3 g4 7. Ne5 Nxd4 8. e3 Nf5 9. Nxg4 Rg8 10. Bxc7 Qe7 11. Nxf6+ Qxf6 12. c3 d5 13. Qf3 Bd7 14. e4 Rc8 15. Qf4 dxe4 16. Nxe4 Qg6 17. g4 Bc6 18. gxf5 exf5 19. Qe5+ Be7 20. Nd6+ Kd7 21. Nxc8 Bf6 22. Qd6+ Kxc8 23. Bb8 Re8+ 24. Be2 Rxe2+ 25. Kxe2 Qg4+ 26. Kd2 Bg5+ 27. f4 Qg2+ 28. Kd3 Be4+ 29. Kd4 Bf6+ 30. Qxf6 Qd2+ 31. Kc4 b5+ 32. Kc5 Qd5+ 33. Kb4 Qc4+ 34. Ka3 Qa4# 0-1

[Event "Northern Virginia op"]
[Site "Western Mount Vernon USA"]
[Date "1998.??.??"]
[Round "3"]
[White "Kaufman, Raymond"]
[Black "Farrar, Ron"]
[Result "1-0"]
[WhiteElo "2220"]
[BlackElo "1890"]
[PlyCount "43"]
[GameId "2129405166434167"]
[EventDate "1998.11.??"]
[EventType "swiss"]
[EventRounds "6"]
[EventCountry "USA"]
[SourceTitle "EXT 2000"]
[Source "ChessBase"]
[SourceDate "1999.11.18"]
[SourceVersion "1"]
[SourceVersionDate "1999.11.18"]
[SourceQuality "1"]

1. e4 d5 2. exd5 Qxd5 3. Nc3 Qa5 4. d4 Nf6 5. Bc4 c6 6. Nf3 Bg4 7. O-O e6 8. h3 Bh5 9. Re1 Be7 10. g4 Bg6 11. Ne5 Nbd7 12. h4 Nxe5 13. dxe5 Nd7 14. h5 Nxe5 15. hxg6 hxg6 16. Bb3 Nd7 17. Qf3 Bf6 18. Bf4 O-O-O 19. Ne4 Ne5 20. Qg3 Bh4 21. Qg2 Nd7 22. Nd6+ 1-0

[Event "Hampstead GM 3rd"]
[Site "Hampstead ENG"]
[Date "1998.08.11"]
[Round "2"]
[White "Plaskett, Jim"]
[Black "Kaufman, Raymond"]
[Result "1-0"]
[WhiteElo "2455"]
[BlackElo "2230"]
[PlyCount "39"]
[GameId "2129405167560973"]
[EventDate "1998.08.??"]
[EventType "tourn"]
[EventRounds "15"]
[EventCountry "ENG"]
[EventCategory "7"]
[SourceTitle "EXT 99"]
[Source "ChessBase"]
[SourceDate "1998.11.10"]
[SourceVersion "1"]
[SourceVersionDate "1998.11.10"]
[SourceQuality "1"]

1. e4 c6 2. c4 d5 3. cxd5 cxd5 4. exd5 Nf6 5. Nc3 Nxd5 6. Nf3 Nc6 7. d4 Bg4 8. Qb3 Bxf3 9. gxf3 Nxc3 10. bxc3 Qb6 11. Qxb6 axb6 12. Rb1 O-O-O 13. Rxb6 e5 14. dxe5 Nxe5 15. Be3 Nd3+ 16. Bxd3 Rxd3 17. Bd4 Kc7 18. Rb5 Kc6 19. Rf5 f6 20. Ke2 1-0

[Event "Hampstead GM 3rd"]
[Site "Hampstead ENG"]
[Date "1998.08.12"]
[Round "3"]
[White "Kaufman, Raymond"]
[Black "Kopec, Danny"]
[Result "0-1"]
[WhiteElo "2230"]
[BlackElo "2400"]
[PlyCount "38"]
[GameId "2129405167560981"]
[EventDate "1998.08.??"]
[EventType "tourn"]
[EventRounds "15"]
[EventCountry "ENG"]
[EventCategory "7"]
[SourceTitle "EXT 99"]
[Source "ChessBase"]
[SourceDate "1998.11.10"]
[SourceVersion "1"]
[SourceVersionDate "1998.11.10"]
[SourceQuality "1"]

1. e4 c5 2. Nf3 d6 3. d4 cxd4 4. Nxd4 Nf6 5. Nc3 Nc6 6. Bg5 e6 7. Qd2 a6 8. O-O-O Bd7 9. f4 Be7 10. Nb3 b5 11. Qe3 Qc7 12. Be2 b4 13. Na4 Rb8 14. Nd2 Na5 15. b3 Bxa4 16. bxa4 Rc8 17. Qd3 Nd7 18. Bxe7 Nc5 19. Qxd6 Ncb3+ 0-1

[Event "Hampstead GM 3rd"]
[Site "Hampstead ENG"]
[Date "1998.08.13"]
[Round "4"]
[White "Kreiman, Boris"]
[Black "Kaufman, Raymond"]
[Result "1-0"]
[WhiteElo "2455"]
[BlackElo "2230"]
[PlyCount "123"]
[GameId "2129405167560988"]
[EventDate "1998.08.??"]
[EventType "tourn"]
[EventRounds "15"]
[EventCountry "ENG"]
[EventCategory "7"]
[SourceTitle "EXT 99"]
[Source "ChessBase"]
[SourceDate "1998.11.10"]
[SourceVersion "1"]
[SourceVersionDate "1998.11.10"]
[SourceQuality "1"]

1. e4 e5 2. Bc4 Nf6 3. d3 Bc5 4. Nc3 Nc6 5. f4 exf4 6. Bxf4 d6 7. Nf3 Be6 8. Bxe6 fxe6 9. Na4 Bb6 10. Nxb6 axb6 11. O-O O-O 12. Qd2 Qd7 13. h3 e5 14. Be3 Kh8 15. a3 Ne7 16. Rf2 Ng6 17. Raf1 Nh5 18. Kh2 c5 19. g3 h6 20. Qe2 Nf6 21. Nd2 Kh7 22. Nc4 Qc7 23. Bd2 Rf7 24. Ne3 Raf8 25. Kg2 Ne7 26. Rf3 Nc6 27. c3 Qd7 28. R1f2 d5 29. exd5 Nxd5 30. Ng4 Rxf3 31. Rxf3 Rxf3 32. Qxf3 Qe6 33. Qe4+ Kh8 34. b4 Nf6 35. Nxf6 Qxf6 36. b5 Nd8 37. Qd5 Qe7 38. c4 Nf7 39. Bc3 Kh7 40. a4 Kh8 41. h4 Qc7 42. Qe6 Kh7 43. g4 g6 44. h5 gxh5 45. gxh5 Kg8 46. Qg6+ Kf8 47. Bd2 Qd7 48. Bxh6+ Nxh6 49. Qxh6+ Kg8 50. Qg6+ Kh8 51. h6 Qe7 52. Kf1 Qd7 53. Ke2 Qc7 54. Kd2 Qe7 55. Kc2 Qc7 56. Qf5 Kg8 57. Kd2 Kh8 58. Ke3 Qe7 59. Ke4 Qh4+ 60. Kxe5 Qe1+ 61. Kd6 Qg3+ 62. Qe5+ 1-0

[Event "Hampstead GM 3rd"]
[Site "Hampstead ENG"]
[Date "1998.08.14"]
[Round "5"]
[White "Kaufman, Raymond"]
[Black "Gormally, Daniel"]
[Result "1-0"]
[WhiteElo "2230"]
[BlackElo "2400"]
[PlyCount "43"]
[GameId "2129405167560996"]
[EventDate "1998.08.??"]
[EventType "tourn"]
[EventRounds "15"]
[EventCountry "ENG"]
[EventCategory "7"]
[SourceTitle "EXT 99"]
[Source "ChessBase"]
[SourceDate "1998.11.10"]
[SourceVersion "1"]
[SourceVersionDate "1998.11.10"]
[SourceQuality "1"]

1. e4 c5 2. Nf3 d6 3. d4 cxd4 4. Nxd4 Nf6 5. Nc3 a6 6. Be3 e5 7. Nb3 Be7 8. f3 O-O 9. Qd2 Nbd7 10. g4 b5 11. O-O-O Bb7 12. g5 Nh5 13. Kb1 b4 14. Ne2 a5 15. Ng3 Nf4 16. Bxf4 exf4 17. Nf5 Bxg5 18. Nxd6 Bc6 19. Nd4 Ne5 20. Nxc6 Nxc6 21. Qd5 Na7 22. Bc4 1-0